| 000 | 00736nam a2200253 a 4500 | ||
|---|---|---|---|
| 001 | BRL_1946 | ||
| 005 | 20190320211439.0 | ||
| 008 | 010915s1953----nyuo######---#000-0#eng-# | ||
| 041 | _aeng | ||
| 044 | _anyu | ||
| 050 | 4 |
_aND25 _b.T37 4 1953 |
|
| 100 | 1 |
_aRaynal, Maurice _922973 |
|
| 245 | 1 | 0 |
_aPicasso _bbiographical and critical studies _cBy Maurice Raynal ; Translated by James Emmons. |
| 260 |
_aNew York _bSkira _c1953 |
||
| 300 |
_a135 p. _bil. _c19 cm. |
||
| 440 | 0 |
_aThe taste of our time _v4 _920301 |
|
| 500 | _aAu720 | ||
| 500 | _aIncluye índice de nombres | ||
| 504 | _aBibliografía: p. 126-127 | ||
| 600 | 1 | 4 |
_aPicasso, Pablo _d1881-1973 _94496 |
| 700 | 1 |
_aEmmons, James _923424 |
|
| 902 | _aGRL | ||
| 942 |
_2lcc _cB |
||
| 999 |
_c10753 _d10753 |
||